| 000 | 00597cam a2200229 4500 | ||
|---|---|---|---|
| 001 | J2650 | ||
| 008 | 090401t xxu||||| |||| 00| 0 eng d | ||
| 035 | _a(Sirsi) u50258 | ||
| 041 | _aeng | ||
| 050 | _a333.3370942733 | ||
| 110 |
_aRichard Ellis _91875 |
||
| 245 | _aManchester market bulletin. - Summer 1994 - Winter 1994/5 | ||
| 260 |
_aLondon _bRichard Ellis _c1994-95 |
||
| 300 | _a2 pt. ; 30cm. | ||
| 350 | _a0 | ||
| 650 | _aFLOORSPACE STATISTICS | ||
| 650 | _aOFFICES | ||
| 650 | _aPROPERTY INVESTMENT | ||
| 690 | _aPROPERTY-COMMERCIAL PROPERTY | ||
| 942 | _n0 | ||
| 948 | _c04/03/1997 | ||
| 999 |
_c92683 _d92683 |
||